000 00505nam a2200217Ia 4500
003 OSt
005 20221005130753.0
006 a|||||r|||| 00| 0
007 ta
008 221004b |||||||| |||| 00| 0 eng d
024 _a118398
037 _cTextual
040 _aCRL
_cCRL
_beng
041 _2eng
_aeng
100 _aNarayan K P
_9638637
245 0 _aSampadan Kala
260 _c1972
650 _aHINDI LITERATURE
_923866
942 _cTEXL
_2cc
999 _c1058361
_d1058361